=LDR 00000nam 2200000 4500 =001 NUTBA000000000004475 =005 20140915112822.0 =006 =007 =008 =020 ##$$a 978-979-053-019-5 =035 ##$$a 0010-091400000000508 =040 ##$$a NBPDMAT =082 ##$$a 612 =090 ##$$a 612 $b Sap m =100 ##$$a Sapto Mardijono =245 ##$$a Memelihara panca indra / $c Sapto Mardijono ; editor, Hesti =260 ##$$a Jakarta : Pamularsih, (s.a) =300 ##$$a vi, 57 hlm. : $b ilus. ; $c 20 cm. =650 ##$$a Panca Indra - Perawatan dan Kesehatan =700 ##$$a Hesti =850 ##$$a NBPDMAT =990 ##$$a 21408357